000 01224cam a22002054a 4500
005 20250605163927.0
008 250528s ||||||||||||||||||||||||d
035 _a14564
020 _a9607019814
040 _aGR-AtMCL
_bgre
_dGR-AtMCL
_eAACR2
245 1 _aΓλώσσα και Σκέψη / Γνωστική Ψυχολογία 5 - Γνωστικές Λειτουργίες: Β' 'Εκδοση
250 _a
260 _bΕλληνικά Γράμματα,
_c1995
300 _a64
520 _aΤο παρόν βιβλίο είναι το τέταρτο από τα έξι τεύχη της ομάδας βιβλίων για τις Γνωστικές Λειτουργίες. Εισαγωγή, Τι Είναι Γλώσσα;, Σκεψη με Λέξεις, Θεωρίες για τη Σχέση Ανάμεσα στη Γλώσσα και τη Σκέψη, Εφαρμογές και Συνεπαγόμενα των Θεωριών, Εργασίες, Γενικότερες Παραπομπές, Βιβλιογραφία, Ευρετήριο Όρων, Απαντήσεις στις Ερωτήσεις Αυτο-Αξιολόγησης.
700 1 _aHartland Judith
_9276
942 _cBK
999 _c188
_d188